Online Catalogue and eLibrary

Women, sexual violence, and the legal process in Sri Lanka : (Record no. 5876)

MARC details
000 -LEADER
fixed length control field 00599cam a2200193 a 4500
001 - CONTROL NUMBER
control field 12262747
005 - DATE AND TIME OF LATEST TRANSACTION
control field 20240604041528.0
008 - FIXED-LENGTH DATA ELEMENTS--GENERAL INFORMATION
fixed length control field 000911s1998 ce 000 0 eng
020 ## - INTERNATIONAL STANDARD BOOK NUMBER
ISBN 955905273X
040 ## - CATALOGING SOURCE (பட்டியலாக்க மூலம்)
Original cataloging agency DLC
Transcribing agency DLC
Modifying agency DLC
082 00 - DDC Classification
Class No. 345.5493/02532
DDC Edition Number 21
100 1# - MAIN ENTRY--PERSONAL NAME
Personal name Goonesekere, Savitri.
245 10 - TITLE STATEMENT
Title Women, sexual violence, and the legal process in Sri Lanka :
Remainder of title a study on rape /
Statement of responsibility, etc. Savitri W.E. Goonesekere, Camena Guneratne.
260 ## - PUBLICATION, DISTRIBUTION, ETC.
Place of publication, distribution, etc. Colombo :
Name of publisher, distributor, etc. Centre for Women's Research,
Date of publication, distribution, etc. 1998.
300 ## - PHYSICAL DESCRIPTION
Extent (e.g. Volumes, Pages etc.) vi, 289 p. :
650 #0 - SUBJECT ADDED ENTRY--TOPICAL TERM
Topical term or geographic name entry element Rape
700 1# - ADDED ENTRY--PERSONAL NAME
Personal name Guneratne, Camena.
Relator term (Role) Editor
942 ## - Koha item type (Biblio)
Koha item type Books in Stacks (Lending)

No items available.

© WERC Library